Épigrammes De M. Val Martial Traduction Nouvelle Par MM. V. Verger, N. A. Dubois, J. Mangeart Tome Quatrième

Bibliographic Details
Main Author: Martialis, Marcus Valerius, asi 39-104 (Author)
Corporate Author: Panckoucke, Charles Louis Fleury (Francúzsko, Paríž) (Printer)
Other Authors: Panckoucke, Charles Louis Fleury, 1780 - 1844 (Printer)
Format: Book
Language:French
Latin
PhysicalDescription:512 strán 22 cm
Series:Bibliothéque Latine - Franciaise
Subjects:

MARC

LEADER 00000nam a2200000 4500
001 vtls012002093
003 SK-MaSNL
005 20260302024215.0
008 201106t1835 fr | r 000 0 fre
015 |a SNBHFA1835 
040 |a SNKHF  |b slo  |c SNK  |e rda 
041 |a fre  |a lat 
044 |a fr  |c FR 
072 7 |a 821.09  |x Literatúra v rôznych jazykoch (o nej)  |2 konspekt 
080 |a 821(37/38)  |2 2001 
100 1 |a Martialis, Marcus Valerius,  |d asi 39-104  |4 aut  |9 129097 
245 1 0 |a Épigrammes De M. Val Martial  |b Traduction Nouvelle Par MM. V. Verger, N. A. Dubois, J. Mangeart  |n Tome Quatrième 
264 3 |a Paris  |b C. L. F. Panckoucke  |c MDCCCXXXV (1835) 
300 |a 512 strán  |c 22 cm 
336 |a text  |b txt  |2 rdacontent 
337 |a bez média  |b n  |2 rdamedia 
338 |a zväzok  |b nc  |2 rdacarier 
490 0 |a Bibliothéque Latine - Franciaise 
500 |a Iniciály na 1,5 riadku, ilustrovaná obálka 
546 |a Tlač na protiľahlých stranách striedavo vo francúzskom a latinskom jazyku 
563 |a Väzba pôvodná papierová.  |5 SNK IC 145519/4 
650 0 7 |a antická literatúra  |2 SNKPH  |9 92203 
700 1 |a Panckoucke, Charles Louis Fleury,  |d 1780 - 1844  |4 prt  |9 303388 
710 0 |a Panckoucke, Charles Louis Fleury (Francúzsko, Paríž)  |4 prt  |9 303389 
752 |a Francúzsko  |d Paríž 
852 |a snk  |b Aponiovská knižnica  |p IC 145519/4 
958 |a DF 
958 |a ONDV 
999 |c 1039639  |d 1041569 
952 |t Op. I/120  |a SNK  |b SNK  |c SNK_HF  |y PREZ  |7 0  |p 17A1395678  |o snkIC 145519/4  |i snk2020/20406  |8 5  |0 0  |1 0  |4 0  |d 2020-11-06  |l 0  |r 2026-02-24 14:20:10  |w 2026-02-24